Theory of electromagnetic waves : (Record no. 189399)
[ view plain ]
| 000 -LEADER | |
|---|---|
| fixed length control field | 01067 a2200205 4500 |
| 003 - CONTROL NUMBER IDENTIFIER | |
| control field | Nust |
| 005 - DATE AND TIME OF LATEST TRANSACTION | |
| control field | 20221208123135.0 |
| 010 ## - LIBRARY OF CONGRESS CONTROL NUMBER | |
| LC control number | 82014054 |
| 020 ## - INTERNATIONAL STANDARD BOOK NUMBER | |
| International Standard Book Number | 0070106886 |
| 040 ## - CATALOGING SOURCE | |
| Transcribing agency | Nust |
| 082 00 - DEWEY DECIMAL CLASSIFICATION NUMBER | |
| Classification number | 530.141, CHE |
| 100 1# - MAIN ENTRY--PERSONAL NAME | |
| Personal name | Chen, Hollis C. |
| 9 (RLIN) | 104458 |
| 245 10 - TITLE STATEMENT | |
| Title | Theory of electromagnetic waves : |
| Remainder of title | a coordinate-free approach / |
| Statement of responsibility, etc. | Hollis C. Chen. |
| 260 ## - PUBLICATION, DISTRIBUTION, ETC. | |
| Place of publication, distribution, etc. | New York : |
| Name of publisher, distributor, etc. | McGraw-Hill Book Co., |
| Date of publication, distribution, etc. | c1985. |
| 300 ## - PHYSICAL DESCRIPTION | |
| Extent | xiv, 449 p. : |
| Other physical details | ill. ; |
| Dimensions | 25 cm. |
| 440 #0 - SERIES STATEMENT/ADDED ENTRY--TITLE | |
| Title | McGraw-Hill series in electrical engineering. |
| 9 (RLIN) | 20188 |
| 505 ## - FORMATTED CONTENTS NOTE | |
| Formatted contents note | Linear Analysis (Page-1), Basic Equations of Electrodynamics (Page-58), Some General Properties of Plane waves (Page-89), Plane Waves in Isotropic Media (Page-123), Plane Waves in Crystals (Page-181), Plane Waves in Uniaxial Media (Page-219), Plane Waves in Plasmas and Ferrites (Page-263), Plane Wave sin Moving Media (Page-299), Radiation in an Isotropic Medium (Page-340), Radiation in an Uniaxial Medium (Page-370), Radiation in an Moving Medium (Page-390). |
| 650 #0 - SUBJECT ADDED ENTRY--TOPICAL TERM | |
| Topical term or geographic name entry element | Electromagnetic waves. |
| 9 (RLIN) | 10533 |
| 942 ## - ADDED ENTRY ELEMENTS (KOHA) | |
| Source of classification or shelving scheme | |
| Koha item type | Book |
| Withdrawn status | Lost status | Source of classification or shelving scheme | Damaged status | Not for loan | Permanent Location | Current Location | Shelving location | Date acquired | Total Checkouts | Full call number | Barcode | Checked out | Date last seen | Date last checked out | Price effective from | Koha item type | Public note |
|---|---|---|---|---|---|---|---|---|---|---|---|---|---|---|---|---|---|
| Military College of Signals (MCS) | Military College of Signals (MCS) | General Stacks | 12/12/2016 | 1 | 530.141, CHE | MCS20850 | 03/26/2026 | 02/24/2026 | 02/24/2026 | 12/12/2016 | Book | Almirah No.16, Shelf No.1 |
